| 000 | 01506cam a2200385 i 4500 | ||
|---|---|---|---|
| 001 | 3941 | ||
| 003 | FISKH | ||
| 005 | 20240524161722.0 | ||
| 008 | 790702s1978 nyua j 100 1 eng | ||
| 010 | _a 79101209 | ||
| 020 | _a0834300095 (v. 1) | ||
| 040 |
_aDLC _cDLC _dDLC _beng |
||
| 042 | _alcac | ||
| 050 | 0 | 0 |
_aPZ5 _b.S475 |
| 082 | 0 | 0 | _a377 |
| 100 | _aFirth, Michael | ||
| 245 | 0 | 4 |
_aThe Sesame Street library : _bwith Jim Henson's Muppets / _c[written by Michael Frith, et al. ; illustrated by Mel Crawford, et al. ; photos. by Charles P. Rowan]. |
| 260 |
_a[New York] : _bChildren's Television Workshop : distributed by Funk & Wagnalls, _cc1978. |
||
| 300 |
_a44 unnumbered pages : _bcolor illustrations ; _c28 cm |
||
| 500 | _a"Created in cooperation with the Children's Television Workshop, producers of Sesame Street." | ||
| 505 | _aG | ||
| 520 | _aA multivolume collection of short stories, games, craft projects, and other activities. Each volume introduces several letters of the alphabet and a number from 1 to 12. | ||
| 521 | 8 |
_a400
_bLexile estimate |
|
| 521 | 8 |
_aG
_bRaz-Plus |
|
| 650 | 0 | _aChildren's literature, American. | |
| 650 | 1 |
_aLiterature _xCollections. |
|
| 650 | 1 | _aAlphabet. | |
| 650 | 1 | _aCounting. | |
| 700 | 1 |
_aCrawford, Mel. _dIllustrator |
|
| 700 | 1 |
_aRowan, Charles, _d1933- _ePhotographer |
|
| 730 | _aSesame Street (Television program) | ||
| 906 |
_a7 _bcbc _corignew _d2 _encip _f19 _gy-gencatlg |
||
| 942 |
_2ddc _cBK _n0 |
||
| 999 |
_c3941 _d3941 |
||